Guess the Celebrity by their Picture #2 - Statistics

General Stats
  • This quiz has been taken 263 times
  • The average score is 6 of 15
Answer Stats
Picture Answer % Correct
Jennifer Lawrence
80%
Keanu Reeves
80%
Steve Jobs
80%
Zac Efron
79%
Whitney Houston
76%
Matt Damon
71%
Joaquin Phoenix
42%
River Phoenix
36%
Jennifer Hudson
24%
Kevin Costner
23%
Wilmer Valderrama
5%
Matthew Modine
4%
Pauley Perrette
3%
Emily Wickersham
0%
Jennifer Esposito
0%
No matching quizzes found
Score Distribution
Percent of People with Each Score
Percentile by Number Answered
Your Score History
You have not taken this quiz